000 01212nam a2200277 a 4500
005 20240417111918.0
008 180208t2013||||sp a f |||| 001 0 spa d
020 _a9788480869966
041 _aspa
092 _c616.12
_l8
_sBRA
245 _aBraunwald. Tratado de Cardiología. Texto de medicina cardiovascular.
_bT.2 /
_cBonow, Robert O.
250 _a9a ed.
_bRevisión científica Luis Rodriguez Padial
260 _aBarcelona:
_bElsevier Saunders;
_c2013.
300 _a1061-1986 p.
500 _aBonow, R. O. (Dir.). et al. (2013). Braunwald. Tratado de Cardiología. Texto de medicina cardiovascular. T.2 (9a ed.). Barcelona : Elsevier Saunders.
590 _aDonación Dr. Fontenla, Miguel. Noviembre 2017.
653 _aEnfermedades cardiovasculares ateroescleroticas
653 _aEnfermedades del corazón, el pericardio y el lecho vascular pulmonar
653 _aEnfermedades cardiovasculares en poblaciones especiales
653 _aEnfermedades cardiovasculares y trastornos de otros órganos
700 1 _aBonow, Robert O.
_eDir.
_93405
700 1 _aMann, Douglas L.
_eDir.
_93406
700 1 _aZipes, Douglas P.
_eDir.
_93407
700 1 _aLibby, Peter
_eDir.
_93408
942 _2ddc
_cBK
999 _c2653
_d2653